Catalog

Record Details

Catalog Search



Jak zpomalit kolotoč všedního dne a objevit skutečný život  Cover Image Book Book

Jak zpomalit kolotoč všedního dne a objevit skutečný život / Aljoscha Long, Ronald Schweppe ; překlad Iva Michňová

Record details

  • ISBN: 978-80-271-0617-2
  • Physical Description: 205 stran ; 21 cm
  • Edition: První české vydání
  • Publisher: V Praze : Alferia, 2017

Content descriptions

General Note:
Přeloženo z němčiny
Subject: sebepoznání
sebeřízení
rozvoj osobnosti
životní moudrost
psychohygiena
self-consciousness
self-management
personality development
life wisdom
mental hygiene
Genre: příručky
handbooks and manuals

Available copies

  • 1 of 1 copy available at Common Catalog SPOK.

Holds

  • 0 current holds with 1 total copy.
Show Only Available Copies
Location Call Number / Copy Notes Barcode Shelving Location Status Due Date
Jabok Library Psy-10/L
Pořízeno z projektu Škola jako místo, kde se vzdělává a žije: CZ.07.4.68/0.0/0.0/16_037/0000325
424480040361 Odborná literatura Available -

LDR 01901nam a2200553 i 4500
00130496
003CZ-PrJAB
00520180725121015.0
007ta
008170824s2017 xr e f 000 0 cze
015 . ‡acnb002928952
020 . ‡a978-80-271-0617-2 ‡q(brožováno)
035 . ‡a(CZ PrNK)nkc20172928952
035 . ‡a(OCoLC)1015190616
040 . ‡aBOA001 ‡bcze ‡dOLA001 ‡erda
0411 . ‡acze ‡hger
072 7. ‡a159.9 ‡xPsychologie ‡2Konspekt ‡917
080 . ‡a159.923.2 ‡2MRF
080 . ‡a159.923.5 ‡2MRF
080 . ‡a17.02 ‡2MRF
080 . ‡a159.913 ‡2MRF
080 . ‡a(035) ‡2MRF
1001 . ‡aLong, Aljoscha, ‡d1961- ‡7jn20000605003 ‡4aut
24010. ‡a7 Geheimnisse der Schildkröte. ‡lČesky
24510. ‡aJak zpomalit kolotoč všedního dne a objevit skutečný život / ‡cAljoscha Long, Ronald Schweppe ; překlad Iva Michňová
250 . ‡aPrvní české vydání
264 1. ‡aV Praze : ‡bAlferia, ‡c2017
300 . ‡a205 stran ; ‡c21 cm
336 . ‡atext ‡btxt ‡2rdacontent
337 . ‡abez média ‡bn ‡2rdamedia
338 . ‡asvazek ‡bnc ‡2rdacarrier
500 . ‡aPřeloženo z němčiny
65007. ‡asebepoznání ‡7ph116116 ‡2czenas
65007. ‡asebeřízení ‡7ph303239 ‡2czenas
65007. ‡arozvoj osobnosti ‡7ph194683 ‡2czenas
65007. ‡aživotní moudrost ‡7ph128026 ‡2czenas
65007. ‡apsychohygiena ‡7ph115945 ‡2czenas
65009. ‡aself-consciousness ‡2eczenas
65009. ‡aself-management ‡2eczenas
65009. ‡apersonality development ‡2eczenas
65009. ‡alife wisdom ‡2eczenas
65009. ‡amental hygiene ‡2eczenas
655 7. ‡apříručky ‡7fd133209 ‡2czenas
655 9. ‡ahandbooks and manuals ‡2eczenas
7001 . ‡aSchweppe, Ronald P., ‡d1962- ‡7jn20000605009 ‡4aut
7001 . ‡aMichňová, Iva, ‡d1972- ‡7jn20001005745 ‡4trl
910 . ‡aABG312
901 . ‡a30496 ‡b ‡c30496 ‡tbiblio

Additional Resources